L'Europe

Gespeichert in:
Bibliographische Detailangaben
1. Verfasser: Derruau, Max (VerfasserIn)
Format: Buch
Sprache:Französisch
Veröffentlicht: París Hachette 1961
Schlagworte:
Tags: Tag hinzufügen
Keine Tags, Fügen Sie den ersten Tag hinzu!

MARC

LEADER 00000nam a2200000 a 4500
001 UCV9842
003 CL-VaPUC
008 930616e19610000FR |||||||||||||||||fre|d
082 0 4 |a 914  |b DER  |2 21 
100 0 |a Derruau, Max  |e author  |9 303842 
245 1 2 |a L'Europe 
300 |a 604 p 
942 |c BK 
945 |d 19930616 00:00:00 
260 |a París  |b Hachette  |c 1961 
650 0 |a Geografía  |9 259346 
651 0 |a Europa  |9 255156 
583 |a last modification  |c 19930616 00:00:00  |k Rodrigo Vera 
999 |c 215121  |d 215119 
952 |0 0  |1 0  |4 0  |6 914_000000000000000_DER_1961  |7 0  |8 P  |9 199110  |a BIBARQ  |b BIBARQ  |d 2019-11-14  |i 266433K  |o 914 DER 1961  |p 266433K  |r 2025-01-20  |w 2019-11-14  |y BK  |k ARQ